| 000 | 00528nam a2200157 a 4500 | ||
|---|---|---|---|
| 001 | 000029907 | ||
| 005 | 20250129172553.0 | ||
| 008 | 110426s1977 dr 000 0 spa d | ||
| 040 |
_aDO-SdBNP _cspa _bBNPHU |
||
| 082 |
_axxx _bH519t |
||
| 100 | 1 |
_aHenríquez Gratereaux, Federico, _d1937- _92003 |
|
| 245 | 1 | 0 |
_aTecnología, cambio y la universidad católica / _cFederico Henríquez Gratereaux. |
| 260 |
_aSantiago de los Caballeros : _bUniversidad Catolica Madre y Maestra, _c1977. |
||
| 300 |
_a[6] p. ; _c22 cm. |
||
| 049 | _aBNPD | ||
| 999 |
_c29399 _d29399 |
||